[Event "-chT Youth Countries 2019"]
[Site "Wuerzburg"]
[Date "2019.10.02"]
[Round "2.3"]
[White "Kololli, Martin"]
[Black "Musiolik, David"]
[Result "1-0"]
[WhiteElo "2310"]
[BlackElo "2195"]
[Annotator "TA"]
[PlyCount "99"]
[EventDate "2019.10.02"]
[EventType "team-tourn"]
[EventRounds "7"]
[EventCountry "GER"]
[SourceTitle "playchess.com"]
[Source "ChessBase"]
[SourceQuality "1"]
[WhiteTeam "Schleswig-Holstein"]
[BlackTeam "Rheinland-Pfalz"]

{[%evp 17,109,0,0,-6,0,0,-10,-6,11,0,12,0,0,-40,-38,-60,0,0,0,0,13,7,13,-25,-14,-12,-6,-29,22,11,9,0,56,56,56,56,51,55,80,54,72,54,72,72,73,74,66,51,53,42,46,46,58,49,55,28,28,28,41,48,108,28,33,0,101,50,109,56,214,214,214,214,307,282,418,412,311,0,392,396,12837,12838,12838,12837,12833,12834,12838,12837,12839,12839,12840,12840,12841,12841]} 1. c4 e6 2. Nc3 d5 3. cxd5 exd5 4. d4 Be7 5. Nf3 Nf6 6. Bg5 c6 7. Qc2 Na6 8. a3 Nc7 9. e3 Ne6 10. h4 {D36: Queen's Gambit Declined: Exchange Variation: Main line (5 Bg5 c6 6 Qc2)} h6 11. Bxf6 Bxf6 12. O-O-O {The position is equal.} Qc7 13. Kb1 Bd7 14. e4 O-O-O $146 ({Predecessor:} 14... dxe4 15. Nxe4 Be7 16. Bc4 O-O-O 17. Rhe1 Kb8 {½-½ (54) Zaichik,G (2500)-Knaak,R (2465) Berlin East 1989}) 15. e5 Be7 16. Bd3 Nf4 (16... f6 $15) 17. Bf5 $11 g6 18. Bxd7+ Qxd7 19. g3 Ne6 20. h5 Rdf8 21. Ne2 Kb8 22. Rdg1 c5 (22... g5 $142) 23. dxc5 Bxc5 24. Nc3 Nd4 (24... Rc8 $11) 25. Nxd4 $14 Bxd4 26. Rd1 $36 {[%mdl 2048] White fights for an advantage.} Bxc3 27. Qxc3 Qe6 28. Qd4 Rd8 29. Rd3 Rhe8 30. hxg6 Qxg6 31. Ka1 Re6 32. Rhd1 f6 33. Re3 Qf5 {[%cal Rf6e5]} 34. exf6 Qxf6 35. Rxe6 Qxe6 {[%mdl 4096] Endgame KQR-KQR} 36. f4 a6 37. Rd3 Rd6 38. Re3 Qg6 {[#]} ({Black should try} 38... Qc8 $14) 39. Qh8+ (39. g4 $1 $16) 39... Ka7 $11 40. Qd4+ (40. Rb3 $14) 40... Kb8 $1 $16 41. Ka2 (41. g4 $16) 41... Re6 (41... Rd8 $14) 42. Re5 (42. Rb3 $16) 42... Rd6 $2 (42... Rxe5 $14 43. Qxe5+ Kc8) 43. f5 $18 Qf7 {[#]} 44. g4 $1 b6 (44... Kc7 $142 45. Re3 Kc8) 45. Ka1 Qf6 (45... Kc7 $142 46. Qe3 Kd8) 46. Re8+ Kc7 47. Re5 $2 ({Better is} 47. Qe3 $18) 47... Kb7 $2 {[%mdl 8192]} (47... Kb8 $1 $11 {and Black has nothing to worry.}) 48. Qe3 Qd8 $2 (48... Rc6 49. Rxd5 Rc7) 49. Re7+ {White is clearly winning.} Rd7 50. f6 {Played: Re7xd7} 1-0

[Event "-chT Youth Countries 2019"]
[Site "Wuerzburg"]
[Date "2019.10.02"]
[Round "2.3"]
[White "Pallas, Sebastian"]
[Black "Weber, Samuel"]
[Result "0-1"]
[WhiteElo "2291"]
[BlackElo "2288"]
[Annotator "NA"]
[PlyCount "48"]
[EventDate "2019.10.02"]
[EventType "team-tourn"]
[EventRounds "7"]
[EventCountry "GER"]
[SourceTitle "playchess.com"]
[Source "ChessBase"]
[SourceQuality "1"]
[WhiteTeam "Sachsen-Anhalt"]
[BlackTeam "Hessen"]
[TimeControl "40/5400+30:1800+30"]

1. e4 {[%emt 0:00:00]} e5 {[%emt 0:00:00]} 2. Nf3 {[%emt 0:00:00]} Nc6 {[%emt 0:00:00]} 3. d4 {[%emt 0:00:14]} exd4 {[%emt 0:00:10]} 4. Nxd4 {[%emt 0:00:12]} Nf6 {[%emt 0:00:28]} 5. Nxc6 {[%emt 0:01:24]} bxc6 {[%emt 0:01:57]} 6. e5 {[%emt 0:00:40]} Qe7 {[%emt 0:00:07]} 7. Qe2 {[%emt 0:00:08]} Nd5 {[%emt 0:00:05]} 8. c4 {[%emt 0:00:36]} Ba6 {[%emt 0:00:37]} 9. b3 {[%emt 0:02:00]} g6 {[%emt 0:04:31]} 10. f4 {[%emt 0:08:52]} Bg7 {[%emt 0:01:37]} 11. g3 {[%emt 0:00:12]} f6 {[%emt 0:04:43]} 12. Bb2 {[%emt 0:08:21]} fxe5 {[%emt 0:03:10]} 13. fxe5 {[%emt 0:08:55]} O-O {[%emt 0:00:48]} 14. Nd2 {[%emt 0:00:08]} Nb4 {[%emt 0:01:09]} 15. O-O-O {[%emt 0:04:17]} Nxa2+ {[%emt 0:01:16]} 16. Kb1 {[%emt 0:00:03]} Nb4 {[%emt 0:00:39]} 17. Bg2 {[%emt 0:10:54]} Rae8 {[%emt 0:03:11]} 18. Rhe1 {[%emt 0:01:06]} Qc5 {[%emt 0:01:04]} 19. Nf3 {[%emt 0:06:57]} Qa5 {[%emt 0:07:34]} 20. Bc3 {[%emt 0:00:20]} d5 {[%emt 0:00:03]} 21. Qd2 {[%emt 0:01:08]} Rb8 {[%emt 0:02:53]} 22. cxd5 {[%emt 0:07:43]} Bd3+ {[%emt 0:00:58]} 23. Kc1 {[%emt 0:01:12]} Na2+ {[%emt 0:00:17]} 24. Kb2 {[%emt 0:00:14]} Rxb3+ {[%emt 0:00:10] normal} 0-1

[Event "-chT Youth Countries 2019"]
[Site "Wuerzburg"]
[Date "2019.10.02"]
[Round "2.3"]
[White "Goldbeck, Lars"]
[Black "Stelmaszyk, Nico"]
[Result "1-0"]
[WhiteElo "2203"]
[BlackElo "2190"]
[Annotator "NA"]
[PlyCount "81"]
[EventDate "2019.10.02"]
[EventType "team-tourn"]
[EventRounds "7"]
[EventCountry "GER"]
[SourceTitle "playchess.com"]
[Source "ChessBase"]
[SourceQuality "1"]
[WhiteTeam "Bayern 1"]
[BlackTeam "Niedersachsen"]
[TimeControl "40/5400+30:1800+30"]

1. d4 {[%emt 0:00:00]} Nf6 {[%emt 0:00:00]} 2. c4 {[%emt 0:00:00]} c5 {[%emt 0:00:00]} 3. d5 {[%emt 0:00:00]} b5 {[%emt 0:00:00]} 4. Nf3 {[%emt 0:01:03]} bxc4 {[%emt 0:00:00]} 5. Nc3 {[%emt 0:00:13]} d6 {[%emt 0:01:22]} 6. e4 {[%emt 0:01:09]} g6 {[%emt 0:01:01]} 7. Bxc4 {[%emt 0:00:28]} Bg7 {[%emt 0:00:06]} 8. O-O {[%emt 0:01:27]} O-O {[%emt 0:00:11]} 9. Bg5 {[%emt 0:04:23]} Ba6 {[%emt 0:08:33]} 10. Bxa6 {[%emt 0:08:31]} Nxa6 {[%emt 0:00:08]} 11. Qe2 {[%emt 0:00:54]} Nc7 {[%emt 0:08:11]} 12. Rad1 {[%emt 0:02:05]} Nd7 {[%emt 0:04:54]} 13. Nd2 {[%emt 0:06:19]} a6 {[%emt 0:07:08]} 14. a4 {[%emt 0:05:26]} Rb8 {[%emt 0:05:50]} 15. Nc4 {[%emt 0:01:45]} Ne5 {[%emt 0:13:13]} 16. Ne3 {[%emt 0:13:49]} h6 {[%emt 0:04:22]} 17. Bh4 {[%emt 0:01:10]} g5 {[%emt 0:00:45]} 18. Bg3 {[%emt 0:00:02]} e6 {[%emt 0:01:13]} 19. Rd2 {[%emt 0:13:33]} f5 {[%emt 0:11:19]} 20. Bxe5 {[%emt 0:03:05]} Bxe5 {[%emt 0:01:29]} 21. dxe6 {[%emt 0:00:35]} fxe4 {[%emt 0:01:37]} 22. Ng4 {[%emt 0:01:34]} Bxc3 {[%emt 0:16:50]} 23. bxc3 {[%emt 0:00:02]} d5 {[%emt 0:00:50]} 24. c4 {[%emt 0:04:34]} Nxe6 {[%emt 0:04:31]} 25. cxd5 {[%emt 0:01:13]} Nd4 {[%emt 0:01:12]} 26. Qxe4 {[%emt 0:00:37]} Qd6 {[%emt 0:00:11]} 27. Ne3 {[%emt 0:06:53]} Rf4 {[%emt 0:01:15]} 28. Nc4 {[%emt 0:07:44]} Rxe4 {[%emt 0:00:33]} 29. Nxd6 {[%emt 0:00:02]} Re5 {[%emt 0:00:14]} 30. f3 {[%emt 0:00:55]} Rxd5 {[%emt 0:01:16]} 31. Ne4 {[%emt 0:00:07]} Kg7 {[%emt 0:03:46]} 32. Kf2 {[%emt 0:04:43]} Rbd8 {[%emt 0:02:10]} 33. Rfd1 {[%emt 0:00:51]} c4 {[%emt 0:01:43]} 34. Rc1 {[%emt 0:05:03]} Rc8 {[%emt 0:00:11]} 35. Rb2 {[%emt 0:01:21]} Ne6 {[%emt 0:00:47]} 36. Rb7+ {[%emt 0:00:38]} Kf8 {[%emt 0:00:32]} 37. Rh7 {[%emt 0:01:15]} Rdd8 {[%emt 0:00:35]} 38. Rxh6 {[%emt 0:01:00]} Kf7 {[%emt 0:00:29]} 39. Rb1 {[%emt 0:02:00]} Rc7 {[%emt 0:00:32]} 40. Rb6 {[%emt 0:00:34]} Nf4 {[%emt 0:00:28]} 41. Rh7+ {[%emt 0:30:54] normal} 1-0

[Event "-chT Youth Countries 2019"]
[Site "Wuerzburg"]
[Date "2019.10.02"]
[Round "2.3"]
[White "Sulayev, Daniel"]
[Black "Dahl, Christoph"]
[Result "1/2-1/2"]
[WhiteElo "2149"]
[BlackElo "2178"]
[Annotator "NA"]
[PlyCount "112"]
[EventDate "2019.10.02"]
[EventType "team-tourn"]
[EventRounds "7"]
[EventCountry "GER"]
[SourceTitle "playchess.com"]
[Source "ChessBase"]
[SourceQuality "1"]
[WhiteTeam "Berlin"]
[BlackTeam "Sachsen"]
[TimeControl "40/5400+30:1800+30"]

1. b3 {[%emt 0:00:00]} e5 {[%emt 0:00:00]} 2. Bb2 {[%emt 0:01:40]} Nc6 {[%emt 0:00:00]} 3. e3 {[%emt 0:00:19]} Nf6 {[%emt 0:00:43]} 4. Bb5 {[%emt 0:00:24]} d6 {[%emt 0:00:53]} 5. Ne2 {[%emt 0:00:52]} Be7 {[%emt 0:00:52]} 6. d4 {[%emt 0:01:16]} exd4 {[%emt 0:00:36]} 7. Nxd4 {[%emt 0:00:17]} Bd7 {[%emt 0:01:08]} 8. O-O {[%emt 0:02:37]} O-O {[%emt 0:00:52]} 9. Nxc6 {[%emt 0:06:46]} bxc6 {[%emt 0:01:15]} 10. Be2 {[%emt 0:00:21]} d5 {[%emt 0:04:24]} 11. Nd2 {[%emt 0:02:01]} Rb8 {[%emt 0:04:55]} 12. c4 {[%emt 0:03:36]} Be6 {[%emt 0:01:54]} 13. Qc2 {[%emt 0:03:23]} Qd7 {[%emt 0:02:05]} 14. Bd3 {[%emt 0:01:55]} Rfd8 {[%emt 0:08:38]} 15. Nf3 {[%emt 0:07:31]} dxc4 {[%emt 0:00:19]} 16. Bxc4 {[%emt 0:00:14]} Bxc4 {[%emt 0:03:37]} 17. Qxc4 {[%emt 0:01:41]} Qd5 {[%emt 0:01:57]} 18. Rac1 {[%emt 0:01:32]} Rb6 {[%emt 0:06:03]} 19. Qxd5 {[%emt 0:01:27]} Nxd5 {[%emt 0:00:33]} 20. Rfd1 {[%emt 0:02:28]} c5 {[%emt 0:24:47]} 21. e4 {[%emt 0:16:01]} Nb4 {[%emt 0:01:56]} 22. Rxd8+ {[%emt 0:00:09]} Bxd8 {[%emt 0:00:01]} 23. Rxc5 {[%emt 0:01:30]} Nxa2 {[%emt 0:03:06]} 24. Ra5 {[%emt 0:01:00]} Rd6 {[%emt 0:05:39]} 25. h3 {[%emt 0:01:04]} Nc1 {[%emt 0:01:23]} 26. Bxc1 {[%emt 0:02:31]} Rd1+ {[%emt 0:00:07]} 27. Kh2 {[%emt 0:00:17]} Rxc1 {[%emt 0:00:02]} 28. Rxa7 {[%emt 0:00:23]} f6 {[%emt 0:00:35]} 29. Ra8 {[%emt 0:06:49]} Rd1 {[%emt 0:00:13]} 30. e5 {[%emt 0:03:09]} Kf7 {[%emt 0:00:17]} 31. Ra7 {[%emt 0:01:20]} Rc1 {[%emt 0:01:26]} 32. Ra4 {[%emt 0:05:52]} Rc3 {[%emt 0:02:02]} 33. Rc4 {[%emt 0:09:18]} Rxc4 {[%emt 0:04:20]} 34. bxc4 {[%emt 0:00:02]} c5 {[%emt 0:02:28]} 35. Kg3 {[%emt 0:02:50]} Bc7 {[%emt 0:02:22]} 36. Kf4 {[%emt 0:00:29]} Ke6 {[%emt 0:02:28]} 37. Ke4 {[%emt 0:01:37]} f5+ {[%emt 0:01:05]} 38. Kf4 {[%emt 0:00:49]} h6 {[%emt 0:00:58]} 39. h4 {[%emt 0:01:00]} g6 {[%emt 0:01:13]} 40. g3 {[%emt 0:01:48]} Ba5 {[%emt 0:02:55]} 41. g4 {[%emt 0:32:06]} Bc3 {[%emt 0:30:24]} 42. gxf5+ {[%emt 0:06:04]} gxf5 {[%emt 0:00:01]} 43. h5 {[%emt 0:00:26]} Bb2 {[%emt 0:00:31]} 44. Ke3 {[%emt 0:02:37]} Bc1+ {[%emt 0:01:02]} 45. Kd3 {[%emt 0:00:28]} Bf4 {[%emt 0:00:07]} 46. Kc3 {[%emt 0:01:01]} Bxe5+ {[%emt 0:00:20]} 47. Kd3 {[%emt 0:01:52]} Bf6 {[%emt 0:01:30]} 48. Ke3 {[%emt 0:00:33]} Bg5+ {[%emt 0:01:11]} 49. Kd3 {[%emt 0:00:04]} Kf6 {[%emt 0:01:00]} 50. Ng1 {[%emt 0:00:00]} Ke5 {[%emt 0:00:00]} 51. Ne2 {[%emt 0:00:00]} f4 {[%emt 0:00:00]} 52. f3 {[%emt 0:00:00]} Bh4 {[%emt 0:00:00]} 53. Nc3 {[%emt 0:00:00]} Be1 {[%emt 0:00:00]} 54. Ne4 {[%emt 0:00:00]} Bb4 {[%emt 0:00:00]} 55. Nf2 {[%emt 0:00:00]} Kf5 {[%emt 0:00:00]} 56. Ne4 {[%emt 0:00:00]} Ke5 {normal} 1/2-1/2

[Event "-chT Youth Countries 2019"]
[Site "Wuerzburg"]
[Date "2019.10.02"]
[Round "2.3"]
[White "Tschernatsch, Johannes"]
[Black "Hecht, Jonas"]
[Result "1-0"]
[WhiteElo "2132"]
[BlackElo "1775"]
[Annotator "NA"]
[PlyCount "67"]
[EventDate "2019.10.02"]
[EventType "team-tourn"]
[EventRounds "7"]
[EventCountry "GER"]
[SourceTitle "playchess.com"]
[Source "ChessBase"]
[SourceQuality "1"]
[WhiteTeam "SG Brandenburg / Berlin"]
[BlackTeam "Baden 2"]
[TimeControl "40/5400+30:1800+30"]

1. e4 {[%emt 0:00:00]} e5 {[%emt 0:00:00]} 2. Nf3 {[%emt 0:00:00]} Nc6 {[%emt 0:00:00]} 3. Bb5 {[%emt 0:00:00]} a6 {[%emt 0:00:00]} 4. Ba4 {[%emt 0:00:00]} Nf6 {[%emt 0:00:00]} 5. O-O {[%emt 0:00:00]} Be7 {[%emt 0:00:00]} 6. Re1 {[%emt 0:00:04]} b5 {[%emt 0:00:16]} 7. Bb3 {[%emt 0:00:06]} O-O {[%emt 0:00:05]} 8. d3 {[%emt 0:00:24]} d6 {[%emt 0:00:17]} 9. c3 {[%emt 0:00:13]} Re8 {[%emt 0:01:11]} 10. Nbd2 {[%emt 0:01:40]} h6 {[%emt 0:04:16]} 11. Nf1 {[%emt 0:00:56]} Bf8 {[%emt 0:00:52]} 12. Ng3 {[%emt 0:00:29]} Ne7 {[%emt 0:03:41]} 13. a4 {[%emt 0:00:31]} Bd7 {[%emt 0:01:07]} 14. d4 {[%emt 0:02:25]} exd4 {[%emt 0:00:35]} 15. cxd4 {[%emt 0:04:17]} Ng6 {[%emt 0:00:44]} 16. h3 {[%emt 0:08:39]} Bc6 {[%emt 0:02:21]} 17. Qc2 {[%emt 0:02:11]} Bb7 {[%emt 0:00:59]} 18. d5 {[%emt 0:08:38]} Ne5 {[%emt 0:00:55]} 19. Nd4 {[%emt 0:04:01]} Qd7 {[%emt 0:01:25]} 20. f4 {[%emt 0:05:35]} Ng6 {[%emt 0:00:29]} 21. Bd2 {[%emt 0:01:15]} h5 {[%emt 0:02:39]} 22. Ngf5 {[%emt 0:06:19]} h4 {[%emt 0:02:22]} 23. Qd3 {[%emt 0:04:41]} Nh5 {[%emt 0:05:24]} 24. Qf3 {[%emt 0:00:45]} Nf6 {[%emt 0:05:29]} 25. Bc3 {[%emt 0:03:14]} Rab8 {[%emt 0:00:30]} 26. Nc6 {[%emt 0:01:11]} Bxc6 {[%emt 0:08:54]} 27. dxc6 {[%emt 0:01:44]} Qd8 {[%emt 0:00:30]} 28. e5 {[%emt 0:00:30]} dxe5 {[%emt 0:01:43]} 29. fxe5 {[%emt 0:00:30]} Bc5+ {[%emt 0:00:17]} 30. Kh1 {[%emt 0:03:05]} b4 {[%emt 0:00:50]} 31. Rad1 Qc8 {[%emt 0:06:28]} 32. Nh6+ {[%emt 0:10:06]} Kf8 {[%emt 0:00:30]} 33. exf6 {[%emt 0:03:37]} bxc3 {[%emt 0:01:53]} 34. Qd5 {[%emt 0:01:32] normal} 1-0

[Event "-chT Youth Countries 2019"]
[Site "Wuerzburg"]
[Date "2019.10.02"]
[Round "2.3"]
[White "Chassard, Cedric"]
[Black "Koehler, Lukas"]
[Result "0-1"]
[WhiteElo "1929"]
[BlackElo "2040"]
[Annotator "NA"]
[PlyCount "148"]
[EventDate "2019.10.02"]
[EventType "team-tourn"]
[EventRounds "7"]
[EventCountry "GER"]
[SourceTitle "playchess.com"]
[Source "ChessBase"]
[SourceQuality "1"]
[WhiteTeam "Saarland"]
[BlackTeam "Bayern 2"]
[TimeControl "40/5400+30:1800+30"]

1. e4 {[%emt 0:00:00]} c6 {[%emt 0:00:00]} 2. d4 {[%emt 0:00:00]} d5 {[%emt 0:00:00]} 3. Nd2 {[%emt 0:00:00]} dxe4 {[%emt 0:00:00]} 4. Nxe4 {[%emt 0:00:00]} Nf6 {[%emt 0:00:10]} 5. Nxf6+ {[%emt 0:00:00]} exf6 {[%emt 0:00:11]} 6. Nf3 {[%emt 0:00:30]} Bd6 {[%emt 0:00:26]} 7. Bd3 {[%emt 0:00:30]} O-O {[%emt 0:00:34]} 8. O-O {[%emt 0:00:21]} Bg4 {[%emt 0:02:14]} 9. c3 {[%emt 0:02:33]} Qc7 {[%emt 0:02:22]} 10. h3 {[%emt 0:00:32]} Bh5 {[%emt 0:00:13]} 11. Be2 {[%emt 0:08:47]} Re8 {[%emt 0:02:34]} 12. Re1 {[%emt 0:02:39]} Nd7 {[%emt 0:06:23]} 13. Be3 {[%emt 0:03:10]} Nb6 {[%emt 0:11:39]} 14. Nh4 {[%emt 0:04:17]} Bxe2 {[%emt 0:00:57]} 15. Rxe2 {[%emt 0:00:30]} g6 {[%emt 0:09:10]} 16. Qd3 {[%emt 0:02:47]} Nd5 {[%emt 0:08:06]} 17. Rae1 {[%emt 0:00:19]} Qd7 {[%emt 0:02:09]} 18. Bd2 {[%emt 0:02:40]} f5 {[%emt 0:07:56]} 19. Nf3 {[%emt 0:02:02]} Nf6 {[%emt 0:11:01]} 20. Rxe8+ {[%emt 0:01:26]} Rxe8 {[%emt 0:00:35]} 21. Rxe8+ {[%emt 0:00:11]} Qxe8 {[%emt 0:00:47]} 22. Qe3 {[%emt 0:00:05]} Qe4 {[%emt 0:04:35]} 23. Qxe4 {[%emt 0:04:18]} fxe4 {[%emt 0:01:36]} 24. Ne1 {[%emt 0:01:54]} Nd7 {[%emt 0:02:15]} 25. Kf1 {[%emt 0:01:31]} b5 {[%emt 0:03:00]} 26. Ke2 {[%emt 0:01:27]} f5 {[%emt 0:03:48]} 27. Nc2 {[%emt 0:01:57]} f4 {[%emt 0:04:08]} 28. b3 {[%emt 0:15:50]} Nb6 {[%emt 0:01:20]} 29. Be1 {[%emt 0:07:01]} Kf7 {[%emt 0:02:52]} 30. g3 {[%emt 0:00:43]} g5 {[%emt 0:01:50]} 31. Kf1 {[%emt 0:04:37]} Ke6 {[%emt 0:01:06]} 32. h4 {[%emt 0:01:20]} h6 {[%emt 0:07:28]} 33. hxg5 {[%emt 0:00:46]} hxg5 {[%emt 0:00:09]} 34. gxf4 {[%emt 0:00:16]} gxf4 {[%emt 0:00:12]} 35. Ke2 {[%emt 0:04:36]} Kd5 {[%emt 0:01:49]} 36. a3 {[%emt 0:02:02]} a5 {[%emt 0:01:06]} 37. a4 {[%emt 0:03:20]} Be7 {[%emt 0:02:28]} 38. axb5 {[%emt 0:00:49]} cxb5 {[%emt 0:00:10]} 39. Bd2 {[%emt 0:08:01]} Bd6 {[%emt 0:00:22]} 40. Bc1 {[%emt 0:02:22]} a4 {[%emt 0:01:20]} 41. bxa4 {[%emt 0:32:27]} Nxa4 {[%emt 0:06:02]} 42. Kd2 {[%emt 0:00:00]} Nb6 {[%emt 0:04:03]} 43. Ke2 {[%emt 0:00:00]} Nc4 {[%emt 0:01:38]} 44. f3 {[%emt 0:00:00]} e3 {[%emt 0:02:49]} 45. Kd3 {[%emt 0:00:00]} Ke6 {[%emt 0:01:13]} 46. Ke2 {[%emt 0:00:00]} Kd5 {[%emt 0:02:26]} 47. Kd3 {[%emt 0:00:00]} Be7 {[%emt 0:00:21]} 48. Ke2 {[%emt 0:00:00]} Na5 {[%emt 0:04:48]} 49. Ba3 {[%emt 0:00:00]} Bxa3 {[%emt 0:01:36]} 50. Nxa3 {[%emt 0:00:00]} b4 {[%emt 0:00:22]} 51. cxb4 {[%emt 0:00:00]} Nc6 {[%emt 0:00:58]} 52. Kd3 {[%emt 0:00:00]} Nxb4+ {[%emt 0:07:12]} 53. Kc3 {[%emt 0:00:00]} Na2+ {[%emt 0:00:09]} 54. Kd3 {[%emt 0:00:00]} Nc1+ {[%emt 0:00:17]} 55. Kc2 {[%emt 0:00:00]} Ne2 {[%emt 0:00:23]} 56. Kd3 {[%emt 0:00:00]} Nxd4 {[%emt 0:00:19]} 57. Nb1 {[%emt 0:00:00]} Nxf3 {[%emt 0:00:12]} 58. Nc3+ {[%emt 0:00:00]} Ke5 {[%emt 0:00:09]} 59. Nd1 {[%emt 0:00:00]} Ne1+ {[%emt 0:00:25]} 60. Ke2 {[%emt 0:00:00]} Ng2 {[%emt 0:01:01]} 61. Kf3 {[%emt 0:01:43]} Nh4+ {[%emt 0:00:39]} 62. Ke2 {[%emt 0:00:31]} Kd4 {[%emt 0:00:19]} 63. Kf1 {[%emt 0:03:06]} f3 {[%emt 0:00:25]} 64. Nb2 {[%emt 0:00:46]} e2+ {[%emt 0:01:06]} 65. Kf2 {[%emt 0:00:10]} Ng2 {[%emt 0:00:09]} 66. Kxf3 {[%emt 0:01:03]} e1=Q {[%emt 0:00:13]} 67. Kxg2 {[%emt 0:00:11]} Qe2+ {[%emt 0:00:08]} 68. Kg3 {[%emt 0:00:05]} Qxb2 {[%emt 0:00:05]} 69. Kf4 {[%emt 0:00:04]} Qf2+ {[%emt 0:00:05]} 70. Kg5 {[%emt 0:00:01]} Ke5 {[%emt 0:00:07]} 71. Kg6 {[%emt 0:00:06]} Qf6+ {[%emt 0:00:10]} 72. Kh5 {[%emt 0:00:16]} Qg7 {[%emt 0:00:07]} 73. Kh4 {[%emt 0:00:02]} Kf4 {[%emt 0:00:07]} 74. Kh5 {[%emt 0:00:02]} Qg5# {normal} 0-1

[Event "-chT Youth Countries 2019"]
[Site "Wuerzburg"]
[Date "2019.10.02"]
[Round "2.3"]
[White "Riegel, Arinna"]
[Black "Gallasch, Jonas"]
[Result "0-1"]
[WhiteElo "1894"]
[BlackElo "2099"]
[Annotator "NA"]
[PlyCount "96"]
[EventDate "2019.10.02"]
[EventType "team-tourn"]
[EventRounds "7"]
[EventCountry "GER"]
[SourceTitle "playchess.com"]
[Source "ChessBase"]
[SourceQuality "1"]
[WhiteTeam "Baden 1"]
[BlackTeam "Nordrhein-Westfalen"]
[TimeControl "40/5400+30:1800+30"]

1. Nf3 {[%emt 0:00:00]} c5 {[%emt 0:00:00]} 2. g3 {[%emt 0:00:00]} Nc6 {[%emt 0:00:04]} 3. d4 {[%emt 0:00:18]} cxd4 {[%emt 0:06:13]} 4. Nxd4 {[%emt 0:00:06]} e5 {[%emt 0:00:46]} 5. Nb3 {[%emt 0:00:05]} d5 {[%emt 0:02:13]} 6. Bg2 {[%emt 0:00:43]} Be6 {[%emt 0:00:58]} 7. Nc3 {[%emt 0:13:25]} Bb4 {[%emt 0:10:04]} 8. Bd2 {[%emt 0:01:22]} Nf6 {[%emt 0:03:41]} 9. O-O {[%emt 0:10:06]} h6 {[%emt 0:06:08]} 10. a3 {[%emt 0:05:04]} Be7 {[%emt 0:03:44]} 11. Na4 {[%emt 0:11:51]} b6 {[%emt 0:04:50]} 12. c4 {[%emt 0:07:38]} Rc8 {[%emt 0:02:22]} 13. cxd5 {[%emt 0:02:31]} Nxd5 {[%emt 0:01:12]} 14. Rc1 {[%emt 0:13:26]} O-O {[%emt 0:03:49]} 15. Nc3 {[%emt 0:09:12]} Nf6 {[%emt 0:04:38]} 16. Na1 {[%emt 0:03:37]} Na5 {[%emt 0:06:35]} 17. Ne4 {[%emt 0:02:52]} Nxe4 {[%emt 0:07:57]} 18. Bxe4 {[%emt 0:00:01]} Qd4 {[%emt 0:00:25]} 19. Bxa5 {[%emt 0:05:45]} Qxe4 {[%emt 0:00:28]} 20. Bc3 {[%emt 0:02:14]} Bh3 {[%emt 0:03:49]} 21. f3 {[%emt 0:00:39]} Qe3+ {[%emt 0:00:17]} 22. Kh1 {[%emt 0:01:26]} Rfd8 {[%emt 0:05:39]} 23. Nc2 {[%emt 0:02:11]} Qg5 {[%emt 0:00:10]} 24. Qe1 {[%emt 0:01:24]} Bxf1 {[%emt 0:00:37]} 25. Qxf1 {[%emt 0:00:01]} Rd7 {[%emt 0:06:39]} 26. Qe1 {[%emt 0:03:48]} Rcd8 {[%emt 0:04:26]} 27. Rb1 {[%emt 0:00:39]} Qg6 {[%emt 0:01:03]} 28. Rc1 {[%emt 0:01:48]} Bg5 {[%emt 0:01:21]} 29. e3 {[%emt 0:00:10]} Qh5 {[%emt 0:07:01]} 30. Qe2 {[%emt 0:00:44]} e4 {[%emt 0:00:39]} 31. g4 {[%emt 0:01:13]} exf3 {[%emt 0:00:13]} 32. Qxf3 {[%emt 0:00:11]} Qg6 {[%emt 0:00:17]} 33. Nd4 {[%emt 0:00:15]} Kh7 {[%emt 0:02:28]} 34. Nc6 {[%emt 0:01:11]} Rd1+ {[%emt 0:02:05]} 35. Rxd1 {[%emt 0:00:35]} Rxd1+ {[%emt 0:00:07]} 36. Kg2 {[%emt 0:00:34]} Qc2+ {[%emt 0:02:42]} 37. Kh3 {[%emt 0:00:22]} Qd3 {[%emt 0:00:38]} 38. Bd4 {[%emt 0:00:42]} Rf1 {[%emt 0:00:27]} 39. Qg2 {[%emt 0:00:47]} Bxe3 {[%emt 0:01:06]} 40. Nb4 {[%emt 0:00:12]} Qd1 {[%emt 0:01:22]} 41. Be5 {[%emt 0:07:48]} Qf3+ {[%emt 0:03:27]} 42. Qg3 {[%emt 0:00:58]} Qxg3+ {[%emt 0:01:53]} 43. Kxg3 {[%emt 0:00:31]} Rd1 {[%emt 0:02:22]} 44. Nc6 {[%emt 0:01:42]} a5 {[%emt 0:01:18]} 45. Bc3 {[%emt 0:01:31]} Bc5 {[%emt 0:00:36]} 46. Kf3 {[%emt 0:02:35]} Rd3+ {[%emt 0:00:58]} 47. Kg2 {[%emt 0:00:36]} Bxa3 {[%emt 0:01:28]} 48. Ne5 {[%emt 0:03:15]} Bxb2 {normal} 0-1

[Event "-chT Youth Countries 2019"]
[Site "Wuerzburg"]
[Date "2019.10.02"]
[Round "2.3"]
[White "Petri, Ben-Luca"]
[Black "Grund, Sebastian"]
[Result "0-1"]
[WhiteElo "1857"]
[BlackElo "2054"]
[Annotator "NA"]
[PlyCount "68"]
[EventDate "2019.10.02"]
[EventType "team-tourn"]
[EventRounds "7"]
[EventCountry "GER"]
[SourceTitle "playchess.com"]
[Source "ChessBase"]
[SourceQuality "1"]
[WhiteTeam "SG Bremen / Niedersachsen"]
[BlackTeam "Thueringen"]
[TimeControl "40/5400+30:1800+30"]

1. e4 {[%emt 0:00:00]} c5 {[%emt 0:00:00]} 2. Nf3 {[%emt 0:00:00]} Nc6 {[%emt 0:00:00]} 3. d4 {[%emt 0:00:00]} cxd4 {[%emt 0:00:00]} 4. Nxd4 {[%emt 0:00:00]} g6 {[%emt 0:00:00]} 5. c4 {[%emt 0:00:00]} Bg7 {[%emt 0:00:01]} 6. Be3 {[%emt 0:00:06]} Nf6 {[%emt 0:00:06]} 7. Nc3 {[%emt 0:00:07]} O-O {[%emt 0:00:07]} 8. Be2 {[%emt 0:00:03]} d6 {[%emt 0:00:08]} 9. O-O {[%emt 0:00:02]} Bd7 {[%emt 0:00:19]} 10. f3 {[%emt 0:00:03]} Nxd4 {[%emt 0:00:25]} 11. Bxd4 {[%emt 0:00:10]} a5 {[%emt 0:00:08]} 12. Nd5 {[%emt 0:01:13]} Nxd5 {[%emt 0:02:37]} 13. cxd5 {[%emt 0:00:10]} Bxd4+ {[%emt 0:06:51]} 14. Qxd4 {[%emt 0:00:03]} a4 {[%emt 0:00:24]} 15. Rac1 {[%emt 0:01:58]} Qa5 {[%emt 0:00:34]} 16. h4 {[%emt 0:11:25]} Rac8 {[%emt 0:04:00]} 17. a3 {[%emt 0:07:08]} Rc7 {[%emt 0:09:00]} 18. Rxc7 {[%emt 0:00:14]} Qxc7 {[%emt 0:00:04]} 19. Bd3 {[%emt 0:01:30]} Rc8 {[%emt 0:02:47]} 20. Kh2 {[%emt 0:03:23]} Qa5 {[%emt 0:12:57]} 21. Rd1 {[%emt 0:04:42]} Bb5 {[%emt 0:01:06]} 22. Bxb5 {[%emt 0:01:01]} Qxb5 {[%emt 0:00:06]} 23. Rd2 {[%emt 0:00:48]} Rc4 {[%emt 0:04:34]} 24. Qf2 {[%emt 0:01:29]} Qb3 {[%emt 0:04:59]} 25. g4 {[%emt 0:01:47]} Rc1 {[%emt 0:01:34]} 26. Kg2 {[%emt 0:02:12]} Qc4 {[%emt 0:01:34]} 27. h5 {[%emt 0:01:17]} g5 {[%emt 0:01:34]} 28. Qe2 {[%emt 0:01:19]} b5 {[%emt 0:11:56]} 29. Qxc4 {[%emt 0:00:16]} bxc4 {[%emt 0:00:16]} 30. Rd4 {[%emt 0:03:43]} Kg7 31. Kg3 {[%emt 0:02:26]} Kf6 {[%emt 0:02:29]} 32. f4 {[%emt 0:00:57]} c3 {[%emt 0:00:46]} 33. bxc3 {[%emt 0:01:26]} Rxc3+ {[%emt 0:00:06]} 34. Kf2 {[%emt 0:00:06]} Rxa3 {[%emt 0:00:10] normal} 0-1